|
|
|
|
| LEADER |
00000nam0a2200000 4500 |
| 001 |
314854 |
| 005 |
20231101014648.0 |
| 010 |
|
|
|a 9785160062020
|
| 035 |
|
|
|a (RuTPU)RU\TPU\book\340285
|
| 090 |
|
|
|a 314854
|
| 100 |
|
|
|a 20160219d2014 m y0rusy50 ca
|
| 101 |
0 |
|
|a rus
|
| 102 |
|
|
|a RU
|
| 105 |
|
|
|a y j 001zy
|
| 200 |
1 |
|
|a Экономический анализ
|e учебное пособие
|f Российский экономический университет им. Г. В. Плеханова (РЭУ) ; под ред. Н. Б. Акуленко ; В. Ю. Гарновой
|
| 210 |
|
|
|a Москва
|c Инфра-М
|d 2014
|
| 215 |
|
|
|a 156 с.
|
| 225 |
1 |
|
|a Высшее образование. Бакалавриат
|
| 320 |
|
|
|a Библиогр.: с. 153.
|
| 330 |
|
|
|a Учебное пособие разработано с учетом требований Федерального государственного образовательного стандарта высшего профессионального образования по направлению подготовки 080100 «Экономика» (квалификация (степень) - «бакалавр») и содержит материалы, позволяющие закрепить теоретические и практические знания студентов, а также организовать их самостоятельную работу. Рассмотрены основные теоретические вопросы, изучаемые на лекционных занятиях по дисциплинам «Экономический анализ», «Анализ хозяйственной деятельности», «Анализ и диагностика финансово-хозяйственной деятельности предприятия», приведены вопросы для проверки знаний по каждой рассмотренной теме и примеры практических заданий.Учебное пособие формирует общекультурные (ОК-5, СЗК-9) и профессиональные (ПК-1, ПК-2, ПК-3, ПК-4, ПК-7, ПК-12) компетенции.Для студентов, обучающихся по направлению 080100 «Экономика» (квалификация - «бакалавр»).
|
| 606 |
1 |
|
|a Экономический анализ
|2 stltpush
|3 (RuTPU)RU\TPU\subj\37444
|
| 610 |
1 |
|
|a экономика
|
| 610 |
1 |
|
|a экономическая информация
|
| 610 |
1 |
|
|a производственные процессы
|
| 610 |
1 |
|
|a предприятия
|
| 610 |
1 |
|
|a хозяйственная деятельность
|
| 610 |
1 |
|
|a предприятия
|
| 610 |
1 |
|
|a финансовые результаты
|
| 610 |
1 |
|
|a финансовое состояние
|
| 610 |
1 |
|
|a материальные ресурсы
|
| 610 |
1 |
|
|a основные средства
|
| 610 |
1 |
|
|a трудовые ресурсы
|
| 610 |
1 |
|
|a себестоимость
|
| 610 |
1 |
|
|a продукция
|
| 610 |
1 |
|
|a маржинальный анализ
|
| 610 |
1 |
|
|a качество
|
| 610 |
1 |
|
|a учебные пособия
|
| 686 |
|
|
|a У053я73
|v LBC/SL-A
|2 rubbk
|
| 702 |
|
1 |
|a Акуленко
|b Н. Б.
|4 340
|
| 702 |
|
1 |
|a Гарнова
|b В. Ю.
|4 340
|
| 712 |
0 |
2 |
|a Российский экономический университет им. Г. В. Плеханова (РЭУ)
|c (2010- )
|2 stltpush
|3 (RuTPU)RU\TPU\col\17770
|
| 801 |
|
1 |
|a RU
|b 63413507
|c 20160219
|
| 801 |
|
2 |
|a RU
|b 63413507
|c 20160404
|g RCR
|
| 900 |
|
|
|a Экономический анализ
|
| 942 |
|
|
|c BK
|
| 951 |
|
|
|l 8.1
|
| 959 |
|
|
|a 19/20160212
|d 1
|e 299,90
|f ЧЗГЛ:1
|